000 00268nam a2200109Ia 4500
008 190911s9999||||xx |||||||||||||| ||und||
100 _aGeorge A. Steiner
245 0 _aBusiness Government and Society
260 _aU.S.A.
_bPearson
_c1997
300 _a668
942 _cBK
999 _c7032
_d7032